000 00294nam a2200133Ia 4500
008 240624s9999 xx 000 0 und d
041 _aeng
082 _a658.4063 OSU
100 _aO′SULLIVAN DAVID
245 _aAPPLYING INNOVATION
260 _c2008
300 _a424 p.
365 _c
_b30
999 _c31348
_d31348